000 00715nam a2200217Ia 4500
001 11718
003 GE_BSU
008 181216s||||||||xx |||||||||||||| ||und||
040 _cGE_BSU
080 _a37.01(479.22)(092)+371.12(479.22)
100 _aქაჯაია,ვ.
245 _aქართველი პედაგოგები
245 _b(ნარკვევები)
245 _cრედ:დ.ლორთქიფანიძე.
260 _aთბილისი
260 _bინ-ტის გამ-ბა
260 _c1955
300 _a257გვ;22სმ.
653 _aქართველი პედაგოგები(ნარკვევები)
942 _cBK
999 _c44899
_d44899